000 01211cam a22003377a 4500
003 CHAP
005 20220329141403.0
008 971013s1988 r 00010 d
010 _a67370
011 _a68342
035 _a77814
040 _cCHAP
090 _aTesis
100 0 0 _aDelgado Blancas, Miguel Ignacio.
_931594
245 0 _aEfectos de la citrolina y citrolina mas dinitro sobre el adelanto de floración de ciruelo japonés (Prunus salicina Lindl) cv methley en Tetela de Ocampo, Puebla
260 _aChapingo, Méx. :
_bEl autor,
_c1988
300 _a72 h.
502 _aTesis (Ing. Agrónomo Esp. Fitotecnia) -- UACH. Departamento de Fitotecnia
590 _aALEPH
_b10
_c20130110
_lUCH01
_h1402
590 _aBATCH-UPD
_b10
_c20130109
_lUCH01
_h2345
590 _aBATCH-UPD
_b10
_c20130110
_lUCH01
_h1641
590 _aBATCH-UPD
_b10
_c20130409
_lUCH01
_h1915
590 _aBATCH-UPD
_b10
_c20130914
_lUCH01
_h0941
590 _aCONVERSION
_b10
_c20130109
_lUCH01
_h1337
650 1 4 _aCiruela
_xFloración.
_923410
650 1 4 _aPlantas
_xCrecimiento
_xAditivos.
_988804
650 1 4 _aPrunus salicina.
_992545
901 _aBK
942 _cTESIS
949 _bBC
_cTES
_d-30686
_eTS1
_h28903
_i77814
_si
999 _c67370
_d67370